000
00325nam a2200133Ia 4500
008
240624s9999 xx 000 0 und d
041
_a
eng
082
_a
647.94 GHO
100
_a
GHOSHAL SUJIT
245
_a
HOTEL ENGINEERING
260
_c
2011
_a
New Delhi
_b
Oxford
300
_a
xiv, : 438 : p. : cm. ; 26
365
_c
RS
_b
31
999
_c
24835
_d
24835